| 000 | 01534nam a2200373 a 4500 | ||
|---|---|---|---|
| 001 | ebr10005689 | ||
| 003 | CaPaEBR | ||
| 006 | m u | ||
| 007 | cr cn||||||||| | ||
| 008 | 020209s2002 enka sb 000 0 eng | ||
| 010 | _z 2001036313 | ||
| 015 | _aGBA2-13190 | ||
| 016 | 7 |
_a0275974278 _2Uk |
|
| 020 | _z0275974278 | ||
| 040 |
_aCaPaEBR _cCaPaEBR |
||
| 035 | _a(OCoLC)646706168 | ||
| 050 | 1 | 4 |
_aUA23 _b.C67 2002eb |
| 082 | 0 | 4 |
_a355.033073 _221 |
| 100 | 1 | _aCordesman, Anthony H. | |
| 245 | 1 | 0 |
_aTerrorism, asymmetric warfare, and weapons of mass destruction _h[electronic resource] : _bdefending the U.S. homeland / _cAnthony H. Cordesman. |
| 260 |
_aWestport, Conn. ; _aLondon : _bPraeger, _c2002. |
||
| 300 |
_ax, 448 p. : _bill. |
||
| 500 | _a"Published in cooperation with the Center for Strategic and International Studies, Washington, D.C." - t.p. | ||
| 504 | _aIncludes bibliographical references. | ||
| 533 |
_aElectronic reproduction. _bPalo Alto, Calif. : _cebrary, _d2013. _nAvailable via World Wide Web. _nAccess may be limited to ebrary affiliated libraries. |
||
| 650 | 0 |
_aTerrorism _zUnited States _xPrevention. |
|
| 650 | 0 |
_aAsymmetric warfare _zUnited States. |
|
| 650 | 0 | _aWeapons of mass destruction. | |
| 651 | 0 |
_aUnited States _xDefenses. |
|
| 651 | 0 |
_aUnited States _xMilitary policy. |
|
| 655 | 7 |
_aElectronic books. _2local |
|
| 710 | 2 | _aebrary, Inc. | |
| 856 | 4 | 0 |
_uhttp://site.ebrary.com/lib/rucke/Doc?id=10005689 _zAn electronic book accessible through the World Wide Web; click to view |
| 999 |
_c18325 _d18325 |
||